000 00696cab a2200217 4500
001 ABS43332
008 090401t1990 xxu||||| |||| 00| 0 eng d
035 _a(Sirsi) u41368
041 _aeng
245 _aCentrefolio: Wales
260 _c1990
350 _a0
490 _aChartered Surveyor Weekly
_v32(9) 6 September 1990, 38-64(12)
520 _aReflects Wales ` economic confidence, looking at the property markets in Cardiff , Swansea , Newport , Wrexham and towns in Mid and North Wales.
650 _aABERYSTWYTH
650 _aLLANDUDNO
650 _aSERVICED OFFICES
690 _aPROPERTY-COMMERCIAL PROPERTY-COMMERCIAL PROPERTY MARKET
942 _n0
948 _c04/03/1997
999 _c26592
_d26592